00540nam a2200157Ia 4500008004100000020001500041082002000056100004600076245006200122250001600184260003300200300000900233942001200242999001900254952010900273210430s9999 xx 000 0 und d a0077079760 a543.0858 B212 F aColin N.Banwell, Elaine M. McCash9128950 aFundamentals of Molecular Spectroscopy /cColin N.Banwell a4th edition aNew DelhibMcGraw-Hillc1997 a308p cBK2ddc c562750d562750 001040708NFICaSCMEbSCMEcGENd0000-00-00l0o543.0858 B212 FpSCME-1631r2021-04-30w2021-04-30yBK